| 000 | 01064nam a22003017a 4500 | ||
|---|---|---|---|
| 999 |
_c63745 _d63745 |
||
| 005 | 20240530110656.0 | ||
| 008 | 171221s1999 ua f f b 000 0 ara d | ||
| 017 |
_a1991/9742 _bمصر . دار الكتب المصرية |
||
| 020 | _a9770010294 | ||
| 040 | _aEG-CaGPL | ||
| 082 | 0 | 4 |
_221 _a709.1/ _bم م |
| 100 | 0 | _aمحسن محمد عطية . | |
| 245 | 1 | 0 |
_aموضوعات في الفنون الاسلامية / _cمحسن محمد عطية . |
| 250 | _aط. 3 | ||
| 260 |
_aالقاهرة : _bمكتبة نهضة مصر ، _c1999 |
||
| 300 |
_a152 ص : _bايض ؛ _c30 سم |
||
| 504 | _aببليوجرافية : ص 147 - 152 | ||
| 650 | 0 | 7 |
_2qrmak _aالفن الزخرفي |
| 650 | 0 | 7 |
_2qrmak _aالعمارة الاسلامية |
| 650 | 0 | 7 |
_2qrmak _aالمعادن |
| 650 | 0 | 7 |
_2qrmak _aالمنسوجات |
| 650 | 0 | 7 |
_2qrmak _aالخزف |
| 650 | 0 | 7 |
_2qrmak _aالزجاج |
| 650 | 0 | 7 |
_2qrmak _aالتصوير الاسلامي |
| 653 | 0 | 4 | _aالتصوير الاسلامي |
| 942 |
_2ddc _cBK |
||